000 00609cab a2200241 4500
001 X2620
008 090401t1990 xxu||||| |||| 00| 0 eng d
035 _a(Sirsi) u25373
041 _aeng
100 _aWebb, B.J.
245 _aCash flows and the construction industry
260 _c1990
350 _a0
490 _aChartered Builder
_v2(5) September/October 1990, 8-10(3)
650 _aCASH FLOW ANALYSIS
650 _aCONSTRUCTION COMPANIES
690 _aBUILT ENVIRONMENT
700 _aGuy, P.
700 _aMarchant, P.
700 _aWisdiewski, M.
942 _n0
948 _c04/03/1997
999 _c17036
_d17036